Perot <an> unauthorized biography

Salvato in:
Dettagli Bibliografici
Autore principale: Mason, Todd
Natura: Libro
Lingua:inglese
Pubblicazione: Homewood IRWIN 1990
Soggetti:
Tags: Aggiungi Tag
Nessun Tag, puoi essere il primo ad aggiungerne!!

MARC

LEADER 00000nam a2200000 4500
001 c124830
005 20221123135640.1
020 |a 1-55623-236-5 
041 0 |a eng 
044 |a US 
245 1 0 |a Perot  |b <an> unauthorized biography  |c Todd Mason 
264 1 |a Homewood  |b IRWIN  |c 1990 
300 |a 316 s. 
610 2 0 |a ekonómovia 
610 2 0 |a biografia 
610 2 0 |a osobnosť 
610 2 0 |a podnikatelia 
610 2 0 |a USA 
610 2 0 |a Perot, H. Ross 
100 1 |a Mason, Todd